| 000 | 006140000a22002050004500 | ||
|---|---|---|---|
| 090 |
_aAR _b02415 |
||
| 245 | 1 | 0 | _aRevisión monográfica de los Canthonina americanos: parte 2 |
| 650 | 1 | 4 |
_aEntomología _94483 |
| 650 | 1 | 4 |
_aTaxonomía animal _98245 |
| 650 | 1 | 4 |
_aSistemática animal _992968 |
| 650 | 1 | 4 |
_aBiología _992 |
| 653 | _gPeltecanthon | ||
| 653 | _gCanthonella | ||
| 653 | _gIpselissus | ||
| 041 | 0 | _aEspañol | |
| 700 | 1 |
_aMartínez, Antonio _995967 |
|
| 100 | 1 |
_aHalffter, Gonzalo _910302 |
|
| 942 | _cARTICULO | ||
| 773 | 1 |
_tRevista de la Sociedad Mexicana de Historia Natural _3546 _q79-116 _d1967 _g28 |
|
| 999 |
_c11486 _d11486 |
||